[Event "11. Hogeschool Zeeland Tournament"]
[Site "Vlissingen NED"]
[Date "2007.08.06"]
[Round "4.11"]
[White "Van Riemsdijk, Herman C"]
[Black "Van Dooren, Dirk"]
[Result "1-0"]
[WhiteElo "2420"]
[BlackElo "2331"]
[PlyCount "95"]
[EventDate "2007.08.04"]
[EventType "swiss"]
[EventRounds "9"]
[EventCountry "NED"]
[Source "lmi"]
[SourceDate "2007.08.04"]

1. e4 e5 2. Nf3 Nc6 3. Bb5 a6 4. Ba4 Nf6 5. O-O b5 6. Bb3 Be7 7. d4 exd4 8. e5
Ne4 9. Bd5 Nc5 10. Nxd4 Bb7 11. Nf5 Ne6 12. Bxe6 fxe6 13. Nxg7+ Kf7 14. Qh5+
Kg8 15. Bh6 Bf8 16. Bg5 Qc8 17. Nxe6 dxe6 18. Bf6 Bg7 19. Bxg7 Kxg7 20. Qg5+
Kf7 21. Qf6+ Kg8 22. Rd1 Qf8 23. Qxe6+ Qf7 24. Qxf7+ Kxf7 25. Rd7+ Ke6 26. Rxc7
Rad8 27. Nc3 Ba8 28. Re1 Nd4 29. Kf1 Nxc2 30. Re2 Nb4 31. Ra7 Rd7 32. Rxd7 Kxd7
33. Rd2+ Ke6 34. f4 Nd5 35. Ne2 Kf5 36. g3 h5 37. h3 Ne3+ 38. Kf2 Nc4 39. Rd7
Nxb2 40. Rd6 Bb7 41. Nd4+ Ke4 42. Ne6 Nd3+ 43. Ke2 Nc1+ 44. Kd1 Kf3 45. Kxc1
Kxg3 46. f5 Kxh3 47. f6 Kg4 48. f7 1-0

[Event "11. Hogeschool Zeeland Tournament"]
[Site "Vlissingen NED"]
[Date "2007.08.06"]
[Round "4.12"]
[White "Meinhardt, Maximilian"]
[Black "Van Den Berg, Ad"]
[Result "1/2-1/2"]
[WhiteElo "2378"]
[BlackElo "2197"]
[PlyCount "43"]
[EventDate "2007.08.04"]
[EventType "swiss"]
[EventRounds "9"]
[EventCountry "NED"]
[Source "lmi"]
[SourceDate "2007.08.04"]

1. e4 c5 2. Nc3 e6 3. Nf3 Nc6 4. Bb5 Nge7 5. O-O a6 6. Bxc6 Nxc6 7. d4 cxd4 8.
Nxd4 Qc7 9. Re1 Bd6 10. Nxc6 dxc6 11. Qh5 e5 12. Be3 b5 13. f4 exf4 14. Bd4 O-O
15. e5 Bb4 16. Re4 Bxc3 17. Bxc3 Be6 18. Rxf4 f5 19. Rh4 g6 20. Qh6 Rad8 21.
Bb4 Rf7 22. Qe3 1/2-1/2

[Event "11. Hogeschool Zeeland Tournament"]
[Site "Vlissingen NED"]
[Date "2007.08.06"]
[Round "4.13"]
[White "Westerweele, Maarten"]
[Black "Shrentzel, Mordechai"]
[Result "0-1"]
[WhiteElo "1940"]
[BlackElo "2322"]
[PlyCount "58"]
[EventDate "2007.08.04"]
[EventType "swiss"]
[EventRounds "9"]
[EventCountry "NED"]
[Source "lmi"]
[SourceDate "2007.08.04"]

1. e4 d5 2. exd5 Nf6 3. Bb5+ Bd7 4. Bc4 Bg4 5. f3 Bc8 6. Nc3 Nbd7 7. Nge2 Nb6
8. Bb3 Nbxd5 9. d4 e6 10. O-O c5 11. Nxd5 Nxd5 12. Kh1 Be7 13. Re1 O-O 14. c3
b6 15. Ng3 cxd4 16. Qxd4 Bb7 17. Bc2 Nf6 18. Qe3 Qc7 19. Qf2 Rfd8 20. Be3 Rac8
21. Rad1 Rd5 22. Rxd5 Bxd5 23. a3 Bc5 24. Bxc5 Qxc5 25. Qxc5 Rxc5 26. Ne4 Bxe4
27. fxe4 Kf8 28. h3 Nd7 29. Kg1 Ne5 0-1

[Event "11. Hogeschool Zeeland Tournament"]
[Site "Vlissingen NED"]
[Date "2007.08.06"]
[Round "4.14"]
[White "Maenhout, Thibaut"]
[Black "Hekhuis, Jeroen"]
[Result "1-0"]
[WhiteElo "2302"]
[BlackElo "2163"]
[PlyCount "69"]
[EventDate "2007.08.04"]
[EventType "swiss"]
[EventRounds "9"]
[EventCountry "NED"]
[Source "lmi"]
[SourceDate "2007.08.04"]

1. e4 c5 2. Nf3 d6 3. c3 e6 4. d4 cxd4 5. cxd4 d5 6. e5 Nc6 7. Nc3 f6 8. Bd3
Qb6 9. O-O Bd7 10. a3 Nge7 11. Re1 O-O-O 12. Na4 Qc7 13. b4 Kb8 14. Bf4 Ng6 15.
Bg3 f5 16. Rc1 a6 17. h4 Be7 18. h5 Nf8 19. Nc5 Ka7 20. b5 axb5 21. Bxb5 Qa5
22. a4 Be8 23. Bf4 Bxc5 24. Rxc5 Nd7 25. Bxc6 Nxc5 26. Bxe8 Rhxe8 27. dxc5 d4
28. Qd3 Rd5 29. Rc1 Qxa4 30. Rc4 Qa1+ 31. Kh2 Qa6 32. Qb3 b5 33. cxb6+ Qxb6 34.
Qa4+ Qa6 35. Rc7+ 1-0

[Event "11. Hogeschool Zeeland Tournament"]
[Site "Vlissingen NED"]
[Date "2007.08.06"]
[Round "4.15"]
[White "Lacrosse, Marc"]
[Black "Grochal, Joey"]
[Result "1/2-1/2"]
[WhiteElo "2301"]
[BlackElo "2152"]
[PlyCount "86"]
[EventDate "2007.08.04"]
[EventType "swiss"]
[EventRounds "9"]
[EventCountry "NED"]
[Source "lmi"]
[SourceDate "2007.08.04"]

1. d4 d5 2. c4 c6 3. Nf3 Nf6 4. Nc3 e6 5. Bg5 dxc4 6. e4 b5 7. e5 h6 8. Bh4 g5
9. exf6 gxh4 10. Ne5 Qxf6 11. a4 a6 12. axb5 cxb5 13. Nxb5 axb5 14. Rxa8 Bb4+
15. Ke2 Bd6 16. Ng4 Qf4 17. f3 Bb7 18. Ra7 Bd5 19. Qd2 Kf8 20. Qxf4 Bxf4 21.
Ne3 Nc6 22. Nxd5 exd5 23. Rd7 Bc1 24. Rxd5 Bxb2 25. Ke3 Kg7 26. Rxb5 Bxd4+ 27.
Ke4 c3 28. Bd3 Bf6 29. Rc1 Re8+ 30. Kd5 Rd8+ 31. Kxc6 Rxd3 32. Rc2 h3 33. Rd5
Re3 34. Rf5 Kg6 35. g4 Rd3 36. Kc5 Rd2 37. Rxd2 cxd2 38. Rd5 Bg5 39. Kc4 Bf4
40. Kc3 Bxh2 41. Kxd2 Bf4+ 42. Ke2 h2 43. Rh5 f5 1/2-1/2

[Event "11. Hogeschool Zeeland Tournament"]
[Site "Vlissingen NED"]
[Date "2007.08.06"]
[Round "4.16"]
[White "Porte, Henrik"]
[Black "D`Costa, Lorin A R"]
[Result "0-1"]
[WhiteElo "2105"]
[BlackElo "2384"]
[PlyCount "80"]
[EventDate "2007.08.04"]
[EventType "swiss"]
[EventRounds "9"]
[EventCountry "NED"]
[Source "lmi"]
[SourceDate "2007.08.04"]

1. d4 Nf6 2. c4 e6 3. Nc3 Bb4 4. Qc2 c5 5. dxc5 Bxc5 6. Nf3 Qb6 7. e3 Qc7 8.
Bd3 Nc6 9. a3 b6 10. O-O Bb7 11. Rd1 Rc8 12. b3 Ne5 13. Ne4 Nfg4 14. Bb2 Nxf3+
15. gxf3 Qxh2+ 16. Kf1 Qh3+ 17. Ke2 f5 18. Ng5 Qg2 19. fxg4 Qxg4+ 20. Kd2 Qxg5
21. Rg1 Qh4 22. Raf1 Rg8 23. Bxg7 Kf7 24. Qc3 Bf8 25. Bf6 Qxf6 26. Qxf6+ Kxf6
27. Rxg8 Bb4+ 28. axb4 Rxg8 29. Ra1 a6 30. b5 axb5 31. cxb5 Ke7 32. Ra7 Bf3 33.
Ra6 h5 34. Rxb6 h4 35. Bf1 Rg1 36. Bh3 Rh1 37. Rb8 Rxh3 38. b6 Rh2 39. b7 Kd6
40. b4 Kc7 0-1

[Event "11. Hogeschool Zeeland Tournament"]
[Site "Vlissingen NED"]
[Date "2007.08.06"]
[Round "4.17"]
[White "Afek, Yochanan"]
[Black "Verlinde, Tieme"]
[Result "1/2-1/2"]
[WhiteElo "2350"]
[BlackElo "2116"]
[PlyCount "75"]
[EventDate "2007.08.04"]
[EventType "swiss"]
[EventRounds "9"]
[EventCountry "NED"]
[Source "lmi"]
[SourceDate "2007.08.04"]

1. e4 c5 2. Nf3 d6 3. d4 cxd4 4. Nxd4 Nf6 5. Nc3 a6 6. Bc4 e6 7. Bb3 Nbd7 8. g4
Nc5 9. Qe2 h6 10. g5 hxg5 11. Bxg5 b5 12. O-O-O Bb7 13. f4 b4 14. Nd5 exd5 15.
e5 Kd7 16. exf6 gxf6 17. Qg4+ Kc7 18. Bh4 Bh6 19. Bg3 Qd7 20. Qxd7+ Kxd7 21.
Nf5 Ne4 22. Rhe1 Rae8 23. Nxh6 Rxh6 24. Bxd5 Bxd5 25. Rxd5 Kc6 26. Rd4 f5 27.
Rxb4 d5 28. a4 Rg8 29. a5 Kc5 30. Rb7 Nxg3 31. hxg3 Rxg3 32. b4+ Kc4 33. Kb2
Rh2 34. Rd1 Rb3+ 35. Ka1 Rf3 36. Kb2 Rb3+ 37. Ka1 Rf3 38. Kb2 1/2-1/2

[Event "11. Hogeschool Zeeland Tournament"]
[Site "Vlissingen NED"]
[Date "2007.08.06"]
[Round "4.18"]
[White "Pg, Mohd Omar Ak Hirawa"]
[Black "Kalisvaart, Peter"]
[Result "1/2-1/2"]
[WhiteElo "2344"]
[BlackElo "2104"]
[PlyCount "58"]
[EventDate "2007.08.04"]
[EventType "swiss"]
[EventRounds "9"]
[EventCountry "NED"]
[Source "lmi"]
[SourceDate "2007.08.04"]

1. e4 e5 2. Nf3 Nc6 3. Bb5 Nd4 4. Nxd4 exd4 5. O-O Bc5 6. c3 c6 7. Bc4 d5 8.
exd5 cxd5 9. Bb5+ Bd7 10. Qe2+ Ne7 11. Qd3 O-O 12. Bxd7 Qxd7 13. cxd4 Bb6 14.
b3 Rfe8 15. Bb2 Nc6 16. Na3 Qg4 17. Nc2 Qe4 18. Qxe4 dxe4 19. Rfe1 Rad8 20. Kf1
f5 21. Rac1 Nxd4 22. Nxd4 Bxd4 23. Bxd4 Rxd4 24. Rc2 Red8 25. Re2 R8d7 26. Ke1
Kf7 27. Re3 Rd3 28. Ke2 Kf6 29. f3 exf3+ 1/2-1/2

[Event "11. Hogeschool Zeeland Tournament"]
[Site "Vlissingen NED"]
[Date "2007.08.06"]
[Round "4.19"]
[White "Kuijpers, Charles"]
[Black "Piasetski, Leon"]
[Result "0-1"]
[WhiteElo "2087"]
[BlackElo "2307"]
[PlyCount "66"]
[EventDate "2007.08.04"]
[EventType "swiss"]
[EventRounds "9"]
[EventCountry "NED"]
[Source "lmi"]
[SourceDate "2007.08.04"]

1. f4 d5 2. Nf3 g6 3. e3 Bg7 4. Be2 Nh6 5. O-O c6 6. d3 Qb6 7. c3 Nf5 8. Qb3
Nd6 9. Qxb6 axb6 10. Nbd2 Bf5 11. Nh4 h5 12. Nxf5 gxf5 13. Bf3 Nd7 14. e4 fxe4
15. dxe4 e6 16. exd5 cxd5 17. Nb3 Nc4 18. f5 Nde5 19. Be2 Kd7 20. Nd4 Bh6 21.
Bxh6 Rxh6 22. Bxc4 dxc4 23. fxe6+ fxe6 24. Rae1 Nd3 25. Rf7+ Kd6 26. Ref1 Rxa2
27. b4 Rg6 28. g3 h4 29. Rxb7 hxg3 30. Rxb6+ Kd5 31. h4 g2 32. Rf5+ exf5 33.
Rxg6 Ra1+ 0-1

[Event "11. Hogeschool Zeeland Tournament"]
[Site "Vlissingen NED"]
[Date "2007.08.06"]
[Round "4.20"]
[White "De Jong, Migchiel"]
[Black "Ten Hagen, Yorick"]
[Result "1/2-1/2"]
[WhiteElo "2286"]
[BlackElo "2093"]
[PlyCount "98"]
[EventDate "2007.08.04"]
[EventType "swiss"]
[EventRounds "9"]
[EventCountry "NED"]
[Source "lmi"]
[SourceDate "2007.08.04"]

1. e4 c5 2. Nf3 d6 3. d4 cxd4 4. Nxd4 Nf6 5. Nc3 a6 6. Be3 e5 7. Nf3 Be7 8. Bc4
O-O 9. O-O Be6 10. Bb3 Nc6 11. Qe2 b5 12. Rfd1 Qc8 13. Bg5 Bg4 14. Qe3 Bxf3 15.
Qxf3 Nd4 16. Qd3 Qg4 17. Bxf6 Bxf6 18. Nd5 Bg5 19. h3 Qh5 20. c3 Ne6 21. Qg3
Kh8 22. Qg4 Qh6 23. g3 g6 24. h4 Bd8 25. Nb4 f5 26. Qe2 Nc5 27. Rxd6 Nxe4 28.
Re6 Bf6 29. Bd5 Rad8 30. Bxe4 Rd2 31. Qe3 Qxe3 32. fxe3 fxe4 33. Rf1 Bg7 34.
Rxa6 Rxb2 35. Nd5 Rd8 36. Nc7 Bh6 37. Ne6 Bxe3+ 38. Kh1 Re8 39. Rf7 Bh6 40. Re7
Rc8 41. Rc6 Ra8 42. Ra7 Re8 43. Re7 Ra8 44. Ra7 Re8 45. Re7 Ra8 46. Ra6 Rc8 47.
Rc7 Re8 48. Re7 Rc8 49. Rc6 Ra8 1/2-1/2

[Event "11. Hogeschool Zeeland Tournament"]
[Site "Vlissingen NED"]
[Date "2007.08.06"]
[Round "4.22"]
[White "Roggeveen, Pieter"]
[Black "Kuipers, Stefan"]
[Result "1/2-1/2"]
[WhiteElo "2077"]
[BlackElo "2245"]
[PlyCount "41"]
[EventDate "2007.08.04"]
[EventType "swiss"]
[EventRounds "9"]
[EventCountry "NED"]
[Source "lmi"]
[SourceDate "2007.08.04"]

1. d4 d5 2. Nf3 Nf6 3. c4 c6 4. Nc3 dxc4 5. a4 Bf5 6. e3 e6 7. Bxc4 Bb4 8. O-O
O-O 9. Qb3 Qe7 10. a5 c5 11. Ne5 Nc6 12. a6 Nxe5 13. dxe5 Ne8 14. e4 Bg6 15.
axb7 Qxb7 16. f3 Nc7 17. Rd1 a6 18. Rd7 Rad8 19. Qa4 Qc8 20. Rxd8 Rxd8 21. Be3
1/2-1/2

[Event "11. Hogeschool Zeeland Tournament"]
[Site "Vlissingen NED"]
[Date "2007.08.06"]
[Round "4.23"]
[White "Struk, Jerzy"]
[Black "Sonder, Peter"]
[Result "1-0"]
[WhiteElo "2240"]
[BlackElo "2074"]
[PlyCount "87"]
[EventDate "2007.08.04"]
[EventType "swiss"]
[EventRounds "9"]
[EventCountry "NED"]
[Source "lmi"]
[SourceDate "2007.08.04"]

1. e4 c5 2. Nf3 Nc6 3. c3 Nf6 4. e5 Nd5 5. d4 cxd4 6. Bc4 Nb6 7. Bb3 d5 8. exd6
Qxd6 9. O-O Be6 10. Na3 Bxb3 11. Qxb3 e6 12. Nb5 Qd8 13. Nbxd4 Nxd4 14. Nxd4
Be7 15. Rd1 Qc7 16. Qb5+ Nd7 17. Nf3 Rd8 18. Qa4 a6 19. Bf4 Qc6 20. Qxc6 bxc6
21. Rd4 f6 22. Rc4 e5 23. Be3 Rc8 24. Ra4 Nb8 25. Ba7 O-O 26. b3 Rfd8 27. Bxb8
Rxb8 28. Rxa6 Rbc8 29. Kf1 Rd3 30. Rc1 e4 31. Nd4 Kf7 32. Rxc6 Rxc6 33. Nxc6
Bd6 34. Ke2 Bf4 35. Rc2 h5 36. g3 Bc7 37. Rd2 Bb6 38. Rxd3 exd3+ 39. Kxd3 Bxf2
40. a4 g5 41. a5 f5 42. a6 f4 43. gxf4 g4 44. Ne5+ 1-0

[Event "11. Hogeschool Zeeland Tournament"]
[Site "Vlissingen NED"]
[Date "2007.08.06"]
[Round "4.27"]
[White "Gryson, Wouter"]
[Black "Van Leent, Dmitri"]
[Result "1-0"]
[WhiteElo "2030"]
[BlackElo "2222"]
[PlyCount "59"]
[EventDate "2007.08.04"]
[EventType "swiss"]
[EventRounds "9"]
[EventCountry "NED"]
[Source "lmi"]
[SourceDate "2007.08.04"]

1. d4 d5 2. c4 e5 3. dxe5 d4 4. Nf3 Nc6 5. g3 Be6 6. Nbd2 Qd7 7. Bg2 h5 8. h4
Nh6 9. Qa4 Bc5 10. O-O Bh3 11. e6 Bxe6 12. Nb3 Be7 13. Nfxd4 Nxd4 14. Qxd7+
Bxd7 15. Nxd4 O-O-O 16. Bf4 f6 17. Rac1 g5 18. hxg5 fxg5 19. Be5 Rhe8 20. Nb5
Bxb5 21. cxb5 Bd6 22. Bf6 Be7 23. Bc3 h4 24. gxh4 gxh4 25. Bh3+ Kb8 26. Rfd1
Rg8+ 27. Kf1 Rdf8 28. Be5 Rg5 29. Bxc7+ Ka8 30. Bf4 1-0

[Event "11. Hogeschool Zeeland Tournament"]
[Site "Vlissingen NED"]
[Date "2007.08.06"]
[Round "4.28"]
[White "Avontuur, Theo"]
[Black "Piket, Joop"]
[Result "0-1"]
[WhiteElo "2022"]
[BlackElo "2216"]
[PlyCount "90"]
[EventDate "2007.08.04"]
[EventType "swiss"]
[EventRounds "9"]
[EventCountry "NED"]
[Source "lmi"]
[SourceDate "2007.08.04"]

1. d4 Nf6 2. c4 c5 3. d5 e5 4. Nc3 d6 5. e4 Be7 6. Nge2 O-O 7. Ng3 a6 8. Bd3
Ne8 9. h4 g6 10. h5 Bg5 11. Bd2 h6 12. Bxg5 Qxg5 13. Qd2 Qxd2+ 14. Kxd2 Kg7 15.
Raf1 Rh8 16. f4 exf4 17. Rxf4 Nd7 18. a3 Ne5 19. Nce2 Bg4 20. Rf2 Nf6 21. Nf4
Rhe8 22. hxg6 fxg6 23. Rhf1 Nfd7 24. Nfe2 Re7 25. b3 b5 26. Rb1 h5 27. a4 Nxd3
28. Kxd3 Ne5+ 29. Kc3 Rb7 30. Nf4 bxc4 31. Rfb2 Rab8 32. Nf1 g5 33. Nh3 Bxh3
34. gxh3 Rxb3+ 35. Rxb3 Rxb3+ 36. Rxb3 cxb3 37. Kxb3 h4 38. Ne3 g4 39. Nf5+ Kf6
40. hxg4 Kg5 41. Kc3 Kxg4 42. Kd2 h3 43. Ne3+ Kf3 44. Nf1 Kf2 45. Nh2 Kg2 0-1

[Event "11. Hogeschool Zeeland Tournament"]
[Site "Vlissingen NED"]
[Date "2007.08.06"]
[Round "4.30"]
[White "Westerweele, Henrik"]
[Black "Muter, Donny"]
[Result "1/2-1/2"]
[WhiteElo "2018"]
[BlackElo "2212"]
[PlyCount "94"]
[EventDate "2007.08.04"]
[EventType "swiss"]
[EventRounds "9"]
[EventCountry "NED"]
[Source "lmi"]
[SourceDate "2007.08.04"]

1. e4 c5 2. c3 d5 3. exd5 Qxd5 4. d4 Nf6 5. Nf3 e6 6. Be2 Nc6 7. O-O Be7 8. Be3
cxd4 9. cxd4 O-O 10. Nc3 Qd6 11. a3 b6 12. b4 Bb7 13. Qb3 Rad8 14. Rfd1 h6 15.
h3 Qb8 16. Bc4 Bd6 17. d5 exd5 18. Nxd5 Nxd5 19. Bxd5 Ne5 20. Bxb7 Qxb7 21.
Nxe5 Bxe5 22. Rxd8 Rxd8 23. Rd1 Rxd1+ 24. Qxd1 Qe4 25. Qc1 h5 26. g4 Kh7 27.
Qc8 Bb2 28. a4 Qxb4 29. Qf5+ Kg8 30. Qc8+ Qf8 31. Qb7 hxg4 32. hxg4 Qd8 33. g5
Qd1+ 34. Kg2 Qg4+ 35. Kf1 Qc4+ 36. Kg1 Bc1 37. g6 Ba3 38. Qa8+ Bf8 39. Qxa7
Qg4+ 40. Kf1 Qxg6 41. Bxb6 Qd3+ 42. Kg1 Qd1+ 43. Kg2 Qd5+ 44. Kg1 f5 45. Qa5
Qe4 46. Qb5 Bd6 47. a5 Qg4+ 1/2-1/2

[Event "11. Hogeschool Zeeland Tournament"]
[Site "Vlissingen NED"]
[Date "2007.08.06"]
[Round "4.31"]
[White "Van de Wynkele, Eric"]
[Black "Tiggelman, Rene"]
[Result "0-1"]
[WhiteElo "1998"]
[BlackElo "2210"]
[PlyCount "70"]
[EventDate "2007.08.04"]
[EventType "swiss"]
[EventRounds "9"]
[EventCountry "NED"]
[Source "lmi"]
[SourceDate "2007.08.04"]

1. e4 e6 2. d4 d5 3. Nc3 Nf6 4. Bg5 Be7 5. e5 Nfd7 6. Bxe7 Qxe7 7. f4 a6 8. Nf3
c5 9. Qd2 Nc6 10. g3 b5 11. Bg2 Nb6 12. Qf2 b4 13. Ne2 a5 14. O-O Ba6 15. Rfc1
Bxe2 16. Qxe2 Nxd4 17. Nxd4 cxd4 18. Qb5+ Nd7 19. Rd1 O-O 20. Rxd4 Rfb8 21. Qe2
Qc5 22. Qf2 Rc8 23. Rd2 Nb6 24. Qxc5 Rxc5 25. b3 Rac8 26. Rc1 Rc3 27. Kf2 Kf8
28. Ke1 Ke7 29. Kd1 h5 30. a3 a4 31. Rd3 bxa3 32. Rxc3 Rxc3 33. Kd2 d4 34. bxa4
Nc4+ 35. Ke2 d3+ 0-1

[Event "11. Hogeschool Zeeland Tournament"]
[Site "Vlissingen NED"]
[Date "2007.08.06"]
[Round "4.32"]
[White "Dek, Lennart"]
[Black "Cheng, Ngo Hin"]
[Result "1-0"]
[WhiteElo "2207"]
[BlackElo "1992"]
[PlyCount "47"]
[EventDate "2007.08.04"]
[EventType "swiss"]
[EventRounds "9"]
[EventCountry "NED"]
[Source "lmi"]
[SourceDate "2007.08.04"]

1. e4 e5 2. Nf3 Nc6 3. Bc4 Nf6 4. Ng5 d5 5. exd5 b5 6. Bf1 Nxd5 7. Bxb5 Bb7 8.
d3 Be7 9. Nf3 Qd6 10. O-O O-O-O 11. Nbd2 Nf4 12. Nc4 Qf6 13. Bxc6 Bxc6 14.
Ncxe5 g5 15. Nxc6 Qxc6 16. Bxf4 gxf4 17. Re1 Bc5 18. Re4 Qb6 19. d4 Rd6 20. c3
Qxb2 21. Qe1 Bb6 22. a4 Ba5 23. Rc1 Rc6 24. Rb1 1-0

[Event "11. Hogeschool Zeeland Tournament"]
[Site "Vlissingen NED"]
[Date "2007.08.06"]
[Round "4.33"]
[White "Visser, Anton"]
[Black "Jap Tjoen San, Linda"]
[Result "1/2-1/2"]
[WhiteElo "1990"]
[BlackElo "2199"]
[PlyCount "39"]
[EventDate "2007.08.04"]
[EventType "swiss"]
[EventRounds "9"]
[EventCountry "NED"]
[Source "lmi"]
[SourceDate "2007.08.04"]

1. d4 Nf6 2. Nc3 c5 3. d5 d6 4. e4 a6 5. a4 g6 6. Nf3 Bg7 7. Be2 O-O 8. O-O Bg4
9. Nd2 Bxe2 10. Qxe2 Nbd7 11. Nc4 Ne8 12. Bf4 f6 13. Bg3 Nc7 14. Ne3 Rb8 15. f4
b5 16. axb5 axb5 17. Qg4 c4 18. f5 Bh6 19. Ned1 Rf7 20. fxg6 1/2-1/2

[Event "11. Hogeschool Zeeland Tournament"]
[Site "Vlissingen NED"]
[Date "2007.08.06"]
[Round "4.35"]
[White "Sprangers, Remco"]
[Black "Kossen, Johannes"]
[Result "1-0"]
[WhiteElo "2191"]
[BlackElo "1985"]
[PlyCount "93"]
[EventDate "2007.08.04"]
[EventType "swiss"]
[EventRounds "9"]
[EventCountry "NED"]
[Source "lmi"]
[SourceDate "2007.08.04"]

1. e4 e5 2. d4 exd4 3. c3 d5 4. exd5 Qxd5 5. cxd4 Nf6 6. Nc3 Bb4 7. Nf3 O-O 8.
Be2 c5 9. O-O Bxc3 10. bxc3 cxd4 11. Nxd4 Nc6 12. Bf3 Qc4 13. Nxc6 bxc6 14. Bg5
Nd5 15. Qd4 Ba6 16. Rfe1 h6 17. Bd2 Qxd4 18. cxd4 Rab8 19. Rec1 Rb6 20. h3 Re8
21. a4 Rb2 22. Rxc6 Bb7 23. Bc1 Re1+ 24. Kh2 Rxf2 25. Rc5 Rxf3 26. gxf3 Nf4 27.
Rb1 g5 28. Rxb7 Re2+ 29. Kg1 Re1+ 30. Kf2 Nd3+ 31. Kg2 Nxc1 32. Rc8+ Kg7 33.
Rcc7 Nd3 34. Rxf7+ Kg6 35. Rg7+ Kh5 36. Rbe7 Nf4+ 37. Kf2 Nd3+ 38. Kg3 Ra1 39.
Re4 Rxa4 40. d5 Ra2 41. h4 Nf4 42. Rxf4 gxf4+ 43. Kxf4 Rd2 44. Ke5 a5 45. Ra7
Re2+ 46. Kf6 Rf2 47. Rh7 1-0

[Event "11. Hogeschool Zeeland Tournament"]
[Site "Vlissingen NED"]
[Date "2007.08.06"]
[Round "4.37"]
[White "Baekelant, Eva"]
[Black "Haak, Eelco"]
[Result "1/2-1/2"]
[WhiteElo "1970"]
[BlackElo "2182"]
[PlyCount "52"]
[EventDate "2007.08.04"]
[EventType "swiss"]
[EventRounds "9"]
[EventCountry "NED"]
[Source "lmi"]
[SourceDate "2007.08.04"]

1. e4 e6 2. d3 d5 3. Nd2 Nf6 4. Ngf3 Nc6 5. c3 a5 6. Be2 e5 7. O-O Be7 8. Re1
O-O 9. Bf1 Bg4 10. Qc2 dxe4 11. dxe4 Bc5 12. h3 Bh5 13. b3 Qe7 14. a3 Bb6 15.
Nh2 Ba7 16. Bb2 Qc5 17. Ndf3 Rfd8 18. Rac1 Bg6 19. b4 axb4 20. axb4 Qb6 21. Ng4
Nxg4 22. hxg4 Re8 23. Bc4 Nd8 24. Nh4 Qf6 25. Nxg6 Qxg6 26. Qe2 Ne6 1/2-1/2

[Event "11. Hogeschool Zeeland Tournament"]
[Site "Vlissingen NED"]
[Date "2007.08.06"]
[Round "4.38"]
[White "Bollaart, Jeroen"]
[Black "Go, Benjamin"]
[Result "0-1"]
[WhiteElo "1959"]
[BlackElo "2180"]
[PlyCount "58"]
[EventDate "2007.08.04"]
[EventType "swiss"]
[EventRounds "9"]
[EventCountry "NED"]
[Source "lmi"]
[SourceDate "2007.08.04"]

1. e4 e5 2. Nf3 Nc6 3. d4 exd4 4. Nxd4 Bc5 5. Nb3 Bb6 6. Nc3 Qf6 7. Qe2 Nge7 8.
Be3 O-O 9. O-O-O d6 10. f4 Bg4 11. Qxg4 Bxe3+ 12. Kb1 Qxf4 13. Qd7 Rac8 14. g3
Qg5 15. Be2 Ne5 16. Qb5 Bb6 17. Nd4 Qe3 18. Nf5 Nxf5 19. exf5 Qg5 20. Rdf1 Rfe8
21. f6 g6 22. Qa4 Rcd8 23. g4 d5 24. Nxd5 Nc6 25. Nxb6 Rxe2 26. Rd1 Rxd1+ 27.
Rxd1 Qd2 28. Rc1 Re1 29. Rxe1 Qxe1# 0-1

[Event "11. Hogeschool Zeeland Tournament"]
[Site "Vlissingen NED"]
[Date "2007.08.06"]
[Round "4.41"]
[White "Wee, Chu En Kelvin"]
[Black "In 't Veld, Daan"]
[Result "0-1"]
[WhiteElo "1930"]
[BlackElo "2161"]
[PlyCount "60"]
[EventDate "2007.08.04"]
[EventType "swiss"]
[EventRounds "9"]
[EventCountry "NED"]
[Source "lmi"]
[SourceDate "2007.08.04"]

1. e4 c5 2. Nf3 e6 3. d4 cxd4 4. Nxd4 a6 5. Bd3 Bc5 6. Nb3 Be7 7. O-O d6 8. Nc3
Nf6 9. a4 b6 10. f4 Qc7 11. Be3 Bb7 12. Kh1 Nbd7 13. Qe1 Rc8 14. Nd4 Qb8 15.
Qg3 h5 16. Rae1 Qa8 17. Nf3 h4 18. Qh3 Kf8 19. Bd4 Kg8 20. e5 Nh5 21. exd6 Bxd6
22. Rxe6 Nxf4 23. Re8+ Rxe8 24. Qxd7 h3 25. Bc4 hxg2+ 26. Kg1 gxf1=Q+ 27. Kxf1
Ne6 28. Ng5 Nxg5 29. Qxd6 Bg2+ 30. Kf2 Nh3+ 0-1

[Event "11. Hogeschool Zeeland Tournament"]
[Site "Vlissingen NED"]
[Date "2007.08.06"]
[Round "4.42"]
[White "Van Weersel, Arlette"]
[Black "Goverde, Ruud"]
[Result "1-0"]
[WhiteElo "2158"]
[BlackElo "1951"]
[PlyCount "81"]
[EventDate "2007.08.04"]
[EventType "swiss"]
[EventRounds "9"]
[EventCountry "NED"]
[Source "lmi"]
[SourceDate "2007.08.04"]

1. e4 Nf6 2. e5 Nd5 3. d4 d6 4. c4 Nb6 5. exd6 exd6 6. Nc3 Nc6 7. Be3 Be7 8.
Nf3 Bf5 9. d5 Nb4 10. Nd4 Bg6 11. a3 Na6 12. Be2 O-O 13. O-O Bf6 14. Rc1 Nc5
15. b4 Ne4 16. Nxe4 Bxe4 17. Bd3 Bxd3 18. Qxd3 Re8 19. Nf5 Nd7 20. f4 g6 21.
Nh6+ Kf8 22. Ng4 Bg7 23. Bd4 h5 24. Bxg7+ Kxg7 25. Qd4+ f6 26. Ne3 Qe7 27. Nc2
Qe4 28. Rfe1 Qxd4+ 29. Nxd4 Rxe1+ 30. Rxe1 Kf7 31. Nb5 a6 32. Nxc7 Rc8 33. Ne6
Rxc4 34. Nd8+ Kf8 35. Nxb7 Rxf4 36. Nxd6 Ne5 37. Rd1 Ke7 38. Nb7 Nc4 39. d6+
Kd7 40. Nc5+ Kd8 41. Ne6+ 1-0

[Event "11. Hogeschool Zeeland Tournament"]
[Site "Vlissingen NED"]
[Date "2007.08.06"]
[Round "4.43"]
[White "Van Gool, Henk"]
[Black "Roggeveen, Wouter"]
[Result "0-1"]
[WhiteElo "2149"]
[BlackElo "1941"]
[PlyCount "95"]
[EventDate "2007.08.04"]
[EventType "swiss"]
[EventRounds "9"]
[EventCountry "NED"]
[Source "lmi"]
[SourceDate "2007.08.04"]

1. e4 e5 2. Nf3 Nc6 3. Bb5 f5 4. d4 fxe4 5. Nxe5 Nxe5 6. dxe5 c6 7. Be2 Qa5+ 8.
Bd2 Qxe5 9. Bh5+ Kd8 10. Bc3 Qg5 11. O-O Nf6 12. Bf7 d5 13. f3 Bc5+ 14. Kh1 e3
15. b4 Bb6 16. Na3 Rf8 17. f4 Qg4 18. Bxf6+ gxf6 19. Bh5 Qxd1 20. Raxd1 a5 21.
b5 Bc5 22. Nc4 Kc7 23. Nb2 Bf5 24. Rfe1 Be4 25. Na4 Rg8 26. Bf3 Bxf3 27. gxf3
Ba7 28. b6+ Bxb6 29. Nxb6 Kxb6 30. Rxe3 Rae8 31. Rb1+ Kc7 32. Rxe8 Rxe8 33. Kg2
Re2+ 34. Kg3 f5 35. Kh4 Rxc2 36. Kg5 Rf2 37. Kxf5 Rxf3 38. Ke5 Re3+ 39. Kf6 d4
40. f5 d3 41. Kg7 c5 42. f6 c4 43. Rd1 Rf3 44. f7 Kd6 45. f8=Q+ Rxf8 46. Kxf8
Kd5 47. Ke7 Kd4 48. Kd6 0-1